| 000 | 00399nam a2200157Ia 4500 | ||
|---|---|---|---|
| 008 | 220923s9999 xx 000 0 und d | ||
| 020 | _a9788189804030 | ||
| 082 | _bRED | ||
| 100 | _aREDDY, G.B. | ||
| 245 | 0 | _aINTELLECTUAL PROPERTY RIGHTS AND THE LAW | |
| 250 | _a11TH | ||
| 260 |
_bGOGIA LAW AGENCY, HYDERABAD _c2020 |
||
| 300 | _a579 | ||
| 650 | _aIntellectual Property Right | ||
| 942 | _cBK | ||
| 999 |
_c198633 _d198633 |
||